Top 50 countries by airports - Statistics

General Stats
  • This quiz has been taken 72 times
  • The average score is 38 of 50
Answer Stats
Answer % Correct
Canada
98%
United Kingdom
98%
United States
98%
China
95%
Germany
95%
Brazil
94%
France
94%
Mexico
94%
Russia
94%
Spain
94%
Australia
92%
Italy
92%
Japan
92%
Argentina
89%
Chile
88%
Colombia
88%
India
88%
Sweden
85%
Peru
83%
South Africa
83%
Indonesia
82%
New Zealand
82%
Pakistan
82%
Iran
80%
Malaysia
77%
Ukraine
77%
Venezuela
77%
Ecuador
75%
Poland
75%
Saudi Arabia
75%
Finland
72%
Paraguay
72%
Uruguay
72%
Philippines
71%
Democratic Republic of the Congo
68%
Algeria
66%
Bolivia
66%
Panama
66%
Cuba
62%
Kenya
60%
Guatemala
58%
Costa Rica
57%
Nicaragua
57%
Tanzania
51%
Guyana
48%
Oman
48%
Libya
46%
Papua New Guinea
46%
Czechia
43%
Zimbabwe
38%
No matching quizzes found
Score Distribution
Percent of People with Each Score
Percentile by Number Answered
Your Score History
You have not taken this quiz